000 00862nam a2200181 a 4500
008 200805s1996 ||||||||||||||||| || u
020 _a9780521484008
050 _aJC 71 .A41 Ari
100 _aEverson, Stephen
245 1 0 _aAristotle: the politics and the Constitution of Athens
_cEdited by Stephen Everson
260 _aCambridge
_bCambridge University Press
_c1996
300 _axlvi, 279 pages
490 _aCambridge texts in the history of political thought
650 _aPHILOSOPHY
650 0 _aPOLITICAL SCIENCE
995 _aMAIN LIBRARY OPEN ACCESS
_D26.37
_e750413
_FCBU-MAIN LIBRARY (Kitwe)
_jJC 71 .A41 Ari
_M1
_UAVAILABLE
_WAug 6, 2020
_y750413
_ZMain Library Open Access Collection
995 _aMAIN LIBRARY OPEN ACCESS
_D26.37
_e750414
_FCBU-MAIN LIBRARY (Kitwe)
_jJC 71 .A41 Ari
_M2
_UAVAILABLE
_WAug 6, 2020
_y750414
_ZMain Library Open Access Collection
999 _c84360
_d84360